Sports Quiz

Random Sports or NBA Quiz
Score 0/115 Timer 14:00
0 Plays Today
Name Player % Correct
A.C.Green
96%
MagicJohnson
95.9%
WesleyJohnson
95.9%
KobeBryant
95%
ShaquilleO'Neal
94.5%
D'AngeloRussell
93.5%
KareemAbdul-Jabbar
92.6%
WiltChamberlain
92.6%
KwameBrown
92.3%
RonHarper
92.3%
ShannonBrown
92.3%
ElginBaylor
90.3%
PauGasol
89.8%
MettaWorld Peace
89%
JerryWest
88.8%
DerekFisher
88.6%
BrianShaw
87.9%
ByronScott
86.9%
HoraceGrant
86.2%
TonySmith
85.1%
LamarOdom
84.8%
VladeDivac
83.2%
EddieJones
82%
SmushParker
81.8%
LukeWalton
81.3%
ElmoreSmith
79.2%
AndrewBynum
79.1%
CazzieRussell
79.1%
GailGoodrich
78.8%
MychalThompson
75.8%
JordanFarmar
75.1%
JamesWorthy
73%
JamaalWilkes
71.9%
NickVan Exel
71.4%
DeveanGeorge
71%
KurtRambis
70.7%
GlenRice
69.8%
SamakiWalker
68.8%
CedricCeballos
66.5%
Name Player % Correct
MitchKupchak
66.5%
JuliusRandle
65.2%
RobertHorry
64.4%
JodieMeeks
64%
LouHudson
63.9%
EldenCampbell
63.1%
LindseyHunter
62.4%
NormNixon
61.1%
RickFox
61.1%
JimKrebs
59.8%
SashaVujacic
59.3%
TrevorAriza
58.5%
GaryPayton
56.8%
TarikBlack
55.4%
SteveBlake
55%
ConnieHawkins
54.7%
TomHawkins
54.6%
AdrianDantley
53.3%
MichaelCooper
53.3%
ChuckyAtkins
51.9%
EarlTatum
51.3%
ArchieClark
51.1%
PatRiley
51%
KermitWashington
50.9%
VladimirRadmanovic
47.8%
OrlandoWoolridge
46.4%
AnthonyPeeler
44%
SamPerkins
43.5%
SedaleThreatt
43.4%
RonnyTuriaf
42.3%
MattBarnes
42.1%
MauriceEvans
42%
LuciusAllen
41.7%
BobMcAdoo
41.6%
MarkLandsberger
40.6%
ChrisMihm
38%
RoyHibbert
34.8%
HappyHairston
34.1%
CorieBlount
31.6%
Name Player % Correct
StanislavMedvedenko
30.9%
LarrySpriggs
30.1%
TravisKnight
29.1%
JoshPowell
28.3%
Hot RodHundley
27.9%
DonFord
27.3%
DougChristie
26.1%
SeanRooks
24.6%
RyanKelly
23.5%
WesMatthews
22.2%
MelCounts
20.7%
LeroyEllis
20.3%
DickBarnett
20%
RudyLaRusso
19.3%
StuLantz
16.8%
MikeMcGee
16.5%
StanLove
14%
AntonioHarvey
13.1%
GeorgeLynch
13.1%
TerryTeagle
13%
FrankSelvy
11.9%
DarrallImhoff
11.2%
FreddieCrawford
11%
KeithErickson
11%
WaltHazzard
11%
BillBridges
8.4%
CorkyCalhoun
7%
KennyCarr
6.5%
DidierIlunga-Mbenga
5%
RayFelix
4.5%
JohnnyEgan
4.1%
CornellWarner
3.4%
DaveRobisch
2.3%
WillieMcCarter
2%
C.J.Kupec
1.9%
GeneWiley
1.5%
HowieJolliff
1%
Come Together.
Have Fun.
All Virtual.
We all need to come together. Play Sporcle's virtual live trivia to have fun, connect with people, and get your trivia on. Join a live hosted trivia game for your favorite pub trivia experience done virtually. If a virtual private party is more your thing, go here for details.

You're not logged in!

Compare scores with friends on all Sporcle quizzes.
OR
Log In

Sporcle TV

Today on Sporcle TV


Watch our educational content, quiz creation guides, and fun videos on Sporcle TV.

Show Comments

Extras

Top Quizzes Today


Score Distribution

Paid Content

Your Account Isn't Verified!

In order to create a playlist on Sporcle, you need to verify the email address you used during registration. Go to your Sporcle Settings to finish the process.

Report this User

Report this user for behavior that violates our Community Guidelines.

Details: